Detinning ferrous products from urban waste for use in steelmaking /

Bibliographic Details
Main Author: Makar, H. V. (Harry V.)
Corporate Author: United States. Bureau of Mines
Other Authors: Wiegard, B. J., Gresh, E. L.
Format: Government Document Book
Language:English
Published: [Washington] : Dept. of the Interior, Bureau of Mines, 1979.
Series:Report of investigations (United States. Bureau of Mines) ; 8404.
Subjects:

MARC

Tag First Indicator Second Indicator Subfields
LEADER 00000cam a22000001i 4500
001 in00000817469
005 20151017111724.0
008 790701s1979 dcu b f00010 eng
010 |a gp 80008524  
010 |a  79607070  
020 |c pbk. 
035 |a (OCoLC)05195131 
035 |9 ADU2769AM 
037 |b Publications Distribution Branch, 4800 Forbes Ave., Pittsburgh, Pa. 15213 
040 |a DLC  |c DLC  |d OCL  |d GPO  |d UtOrBLW 
050 0 |a TN23  |b .U43 
074 |a 637-A 
082 0 |a 622/.08 s  |a 669/.1 
086 0 |a I 28.23:8404 
100 1 |a Makar, H. V.  |q (Harry V.) 
245 1 0 |a Detinning ferrous products from urban waste for use in steelmaking /  |c by H. V. Makar, B. J. Wiegard, Jr., and E. L. Gresh III. 
264 1 |a [Washington] :  |b Dept. of the Interior, Bureau of Mines,  |c 1979. 
300 |a 16 pages :  |b illustrations ;  |c 27 cm. 
336 |a text  |b txt  |2 rdacontent 
337 |a unmediated  |b n  |2 rdamedia 
338 |a volume  |b nc  |2 rdacarrier 
490 1 |a Report of investigations - Bureau of Mines ; 8404 
504 |a Bibliography: page 16. 
650 0 |a Tinplate  |x Detinning. 
650 0 |a Steel. 
700 1 |a Wiegard, B. J. 
700 1 |a Gresh, E. L. 
710 1 |a United States.  |b Bureau of Mines. 
830 0 |a Report of investigations (United States. Bureau of Mines) ;  |v 8404. 
999 |a MARS 
999 f f |s f8999344-be68-34ff-9826-729bf16478c8  |i d45779d4-4c6a-396d-bbb9-1074187e23f0  |t 0 
952 f f |p normal  |a Texas A&M University  |b College Station  |c Sterling C. Evans Library  |d Evans: US Documents (Annex 5th floor)  |t 0  |e I 28.23: 8404  |h Superintendent of Documents classification  |i unmediated -- volume  |m A14817804886 
998 f f |a I 28.23: 8404  |t 0  |l Evans: US Documents (Annex 5th floor)